Medical-surgical nursing : (Record no. 5908)
[ view plain ]
| 000 -LEADER | |
|---|---|
| fixed length control field | 04067pam a2200325 a 4500 |
| 001 - CONTROL NUMBER | |
| control field | 516933 |
| 003 - CONTROL NUMBER IDENTIFIER | |
| control field | OSt |
| 005 - DATE AND TIME OF LATEST TRANSACTION | |
| control field | 20210414114515.0 |
| 008 - FIXED-LENGTH DATA ELEMENTS--GENERAL INFORMATION | |
| fixed length control field | 860807s1987 nyua b 001 0 eng c |
| 010 ## - LIBRARY OF CONGRESS CONTROL NUMBER | |
| LC control number | 86020058 |
| 020 ## - INTERNATIONAL STANDARD BOOK NUMBER | |
| International Standard Book Number | 0070375682 : |
| Terms of availability | $55.95 |
| 040 ## - CATALOGING SOURCE | |
| Original cataloging agency | DNLM/DLC |
| Transcribing agency | DLC |
| Modifying agency | DLC |
| 050 00 - LIBRARY OF CONGRESS CALL NUMBER | |
| Classification number | RT41.M488 |
| 060 ## - NATIONAL LIBRARY OF MEDICINE CALL NUMBER | |
| Classification number | WY 100 M489 |
| 082 00 - DEWEY DECIMAL CLASSIFICATION NUMBER | |
| Classification number | 610.73 |
| Edition number | 19 |
| 245 00 - TITLE STATEMENT | |
| Title | Medical-surgical nursing : |
| Remainder of title | assessment and management of clinical problems / |
| Statement of responsibility, etc. | [edited by] Sharon Mantik Lewis, Idolia Cox Collier. |
| 250 ## - EDITION STATEMENT | |
| Edition statement | 2nd ed. |
| 260 ## - PUBLICATION, DISTRIBUTION, ETC. | |
| Place of publication, distribution, etc. | New York : |
| Name of publisher, distributor, etc. | McGraw-Hill, |
| Date of publication, distribution, etc. | 1987. |
| 300 ## - PHYSICAL DESCRIPTION | |
| Extent | xvi, 1914 p. : |
| Other physical details | ill. (some col.) ; |
| Dimensions | 29 cm. |
| 500 ## - GENERAL NOTE | |
| General note | Includes bibliographies and index. |
| 505 ## - FORMATTED CONTENTS NOTE | |
| Formatted contents note | Contents : General concepts: experience of health and illness -- Professional issues and opportunities -- General concepts: nursing process -- Nursing assessment: health history and physical examination -- General concepts: adults development and the impact of disruption -- Nursing assessment and role in management: stress -- General concepts: clients teaching -- Nursing role in management:cell injury and inflammation -- Nursing role in management:altered immune responses -- Nursing role in management: fluid and electrolyte imbalance -- Nursing role in management: preoperative client -- Nursing role in management :client during surgery -- Nursing role in management: postoperative client -- Nursing assessment: vision and hearing -- Nursing role in management: problem of vision and hearing -- Nursing assessment: problem of the integumentary system -- Nursing role in management:burn client -- Nursing assessment: respiratory system -- Nursing role in management : upper respiratory problems -- Nursing role in management: lower respiratory problems -- Nursing role in managements: ob-structure pulmonary diseases -- Nursing role in management ; critical care of the respiratory -- Nursing assessment: hematologic system -- Nursing role managements;hematologic problems -- Nursing assessment: blood pressure disturbances -- Nursing role management:coronary artery disease and congestive heart failure -- Nursing role in management: critical care of the cardiac client -- Nursing role in management: inflammatory and valvular heart diseases -- Nursing role in management:vascular disorders -- Nursing assessment: gastrointestinal system -- Nursing role in management; problem of ingestion -- Nursing role in management: problem of absorption and elimination -- Nursing role in management: problem of the liver,biliary tract and pancreas -- Nursing assessment : urinary system -- Nursing role management: renal and urological problems -- Nursing role in management: acute and chronic renal failure -- Nursing assessment: endocrine system -- Nursing role in management: the client with diabetes -- Nursing role in management: endocrine problems -- Nursing assessment: reproductive system -- Nursing role in management: breast disorders -- Nursing role in management: sexually transmitted diseases -- Nursing role in management: female reproductive problems -- Nursing role in management: male reproductive problems -- Nursing assessment: nervous system -- Nursing assessment and role management: pain -- Nursing role in management: unconscious client -- Nursing role management:critical care of the client with increased intracranial pressure -- Nursing role management: stroke client -- Nursing role in managements:chronic neurological problems -- Nursing role role in management: peripheral nerve and spinal cord problems -- Nursing assessment: musculoskeletal problem -- Nursing role management: arthritis and other rheumatic problems -- Nursing role: medical and traumatic emergencies -- Nursing role : radiation accidents -- Nursing role in management: addictive behaviors. |
| 650 #0 - SUBJECT ADDED ENTRY--TOPICAL TERM | |
| Topical term or geographic name entry element | Nursing. |
| 650 #0 - SUBJECT ADDED ENTRY--TOPICAL TERM | |
| Topical term or geographic name entry element | Surgical nursing. |
| 650 #2 - SUBJECT ADDED ENTRY--TOPICAL TERM | |
| Topical term or geographic name entry element | Nursing Care. |
| 650 #2 - SUBJECT ADDED ENTRY--TOPICAL TERM | |
| Topical term or geographic name entry element | Nursing Process. |
| 700 1# - ADDED ENTRY--PERSONAL NAME | |
| Personal name | Lewis, Sharon Mantik. |
| 700 1# - ADDED ENTRY--PERSONAL NAME | |
| Personal name | Collier, Idolia Cox. |
| 906 ## - LOCAL DATA ELEMENT F, LDF (RLIN) | |
| a | 7 |
| b | cbc |
| c | orignew |
| d | 1 |
| e | ocip |
| f | 19 |
| g | y-gencatlg |
| 942 ## - ADDED ENTRY ELEMENTS (KOHA) | |
| Source of classification or shelving scheme | Library of Congress Classification |
| Koha item type | Books |
| Withdrawn status | Lost status | Source of classification or shelving scheme | Damaged status | Not for loan | Collection code | Home library | Current library | Shelving location | Date acquired | Total Checkouts | Full call number | Barcode | Date last seen | Copy number | Price effective from | Koha item type |
|---|---|---|---|---|---|---|---|---|---|---|---|---|---|---|---|---|
| Library of Congress Classification | Non-fiction | WISCONSIN INTERNATIONAL UNIVERSITY COLLEGE, GHANA - MAIN LIBRARY | WISCONSIN INTERNATIONAL UNIVERSITY COLLEGE, GHANA - MAIN LIBRARY | nursing | 22/02/2016 | RT41.M488 | NURS/049/16 | 22/02/2016 | 1 | 22/02/2016 | Books |
